Statistics for The BoJack Horseman Quiz

Click here to take the quiz!

General Stats

  • This quiz has been taken 113 times
  • The average score is 10 of 15

Answer Stats

QuestionAnswer% Correct
The sitcom which BoJack starred in during the 80s and 90sHorsin' Around
97%
Yellow Labrador who came to fame through a rival sitcom in the 90sMr. Peanutbutter
97%
BoJack's agent and exPrincess Carolyn
91%
Famous racehorse and childhood role model for BoJackSecretariat
84%
Troubled pop star and former child actress in BoJack's sitcomSarah Lynn
83%
City which Diane moves to in Season 6 to live with GuyChicago
81%
Bojack's half-sister, who has eight adoptive fathersHollyhock
78%
Famous actor who stars on Mr. Peanutbutter's hit game show, competing against BojackDaniel Radcliffe
72%
Character actress who makes cameo appearances throughout the showMargo Martindale
69%
Definitely *not* three children in a trench coatVincent Adultman
66%
Food that causes an allergic reaction, which results in Herb Kazzaz's deathPeanuts
63%
Show in which BoJack stars as the titular detectivePhilbert
56%
Fictional war-torn nation ruled by a Todd look-a-likeCordovia
44%
Bojack's maiden nameSugarman
38%
The "urban German bourbon", which Todd features in an advert forGuten Bourbon
17%

Score Distribution

Percentile by Number Answered

Percent of People with Each Score

Your Score History

You have not taken this quiz